London First looks at housing growth (Record no. 69985)
[ view plain ]
| 000 -LEADER | |
|---|---|
| fixed length control field | 00910cam a2200205 4500 |
| 001 - CONTROL NUMBER | |
| control field | WB3814-14 |
| 008 - FIXED-LENGTH DATA ELEMENTS--GENERAL INFORMATION | |
| fixed length control field | 020416n2002 000 0 eng u |
| 035 ## - SYSTEM CONTROL NUMBER | |
| System control number | (Sirsi) u117501 |
| 245 ## - TITLE STATEMENT | |
| Title | London First looks at housing growth |
| 260 ## - PUBLICATION, DISTRIBUTION, ETC. | |
| Date of publication, distribution, etc. | 2002 |
| 490 ## - SERIES STATEMENT | |
| Series statement | Planning (for the Natural and Built Environment) |
| Volume/sequential designation | (1464) 12 April 2002, 3(1) |
| 520 ## - SUMMARY, ETC. | |
| Summary, etc. | Report by London First indicates almost 600 000 homes will be needed in London over the next 15 years if London is to remain a world class city. Also predicted is the fact that London will need to spend £100 billion on housing, transport, education and health in the same time period. Review is available at: http://www.london-first.co.uk/lf/publications/bb_1460.pdf |
| 590 ## - LOCAL NOTE (RLIN) | |
| Local note | WB |
| 650 ## - SUBJECT ADDED ENTRY--TOPICAL TERM | |
| Topical term or geographic name entry element | LONDON FIRST |
| 650 ## - SUBJECT ADDED ENTRY--TOPICAL TERM | |
| Topical term or geographic name entry element | LONDON |
| 650 ## - SUBJECT ADDED ENTRY--TOPICAL TERM | |
| Topical term or geographic name entry element | NEW HOMES |
| 650 ## - SUBJECT ADDED ENTRY--TOPICAL TERM | |
| Topical term or geographic name entry element | COMPREHENSIVE SPENDING REVIEW |
| 690 ## - LOCAL SUBJECT ADDED ENTRY--TOPICAL TERM (OCLC, RLIN) | |
| Topical term or geographic name as entry element | HOUSING-DEVELOPMENT |
| 942 ## - ADDED ENTRY ELEMENTS (KOHA) | |
| Suppress in OPAC | 0 |
| Withdrawn status | Lost status | Source of classification or shelving scheme | Damaged status | Not for loan | Home library | Current library | Shelving location | Date acquired | Total Checkouts | Full call number | Barcode | Date last seen | Copy number | Price effective from | Koha item type |
|---|---|---|---|---|---|---|---|---|---|---|---|---|---|---|---|
| Dewey Decimal Classification | London | London | News article | 16/04/2002 | WB3814-14 | 117501-1001 | 06/08/2019 | 1 | 06/08/2019 | News article |